[Event "Eje Cafetero Region 3rd"]
[Site "Eje Cafetero"]
[Date "2009.03.22"]
[Round "3.7"]
[White "Ocampo, Derly Gineth"]
[Black "Tabares Delgado, Andres"]
[Result "0-1"]
[WhiteElo "1868"]
[BlackElo "1600"]
[PlyCount "51"]
[EventDate "2009.03.21"]
[EventType "swiss"]
[EventRounds "7"]
[EventCountry "COL"]
[SourceTitle "EXT 2024"]
[Source "ChessBase"]
[SourceDate "2023.10.10"]
[SourceVersion "1"]
[SourceVersionDate "2023.10.10"]
[SourceQuality "1"]

1. e4 e6 2. d4 d5 3. exd5 exd5 4. Nf3 Bg4 5. Be2 Nf6 6. Be3 Bd6 7. Nc3 c6 8. Bg5 0-0 9. 0-0 Nbd7 10. Re1 Qc7 11. h3 Bh5 12. Nd2 Bg6 13. Bf3 Rae8 14. Nf1 Rxe1 15. Qxe1 Bxc2 16. Qd2 Bg6 17. Re1 Re8 18. Rxe8+ Nxe8 19. Qe3 f6 20. Bh4 Bf4 21. Qe2 Qd8 22. Bg4 Nf8 23. Bg3 Bxg3 24. Nxg3 Nd6 25. Bh5 Kf7 26. Bf3 0-1